000 01283nam a2200313 c 4500
003 BLK
005 20180422105619.0
008 180409b bul|||||r ||||||| ||bul||
010 _aKNG00109807000
040 _aBLK
041 _aBUL
_cBUL
080 _aРуска литература
_b821.161.1
_x-31
_z821.161.1-31
100 1 _aБулгаков, Михаил Афанасиевич
_eпърви автор
_9371856
700 1 _aМинкова, Лиляна
_eпрев. от рус.
_9364889
139 _aБулгаков, Михаил Афанасиевич
_bБ 85
245 1 0 _aМайстора и Маргарита
_bРоман
_cМихаил Афанасиевич Булгаков; прев. от рус. Лиляна Минкова.
250 _a4. изд.
257 _aRUS
260 София
_bИнтерпринт
_c1990
_fВраца : В. Александров
300 _a456 с.
380 _aX
500 _aОриг. загл. Мастер и Маргарита. - 1. изд. 1968 в сер. Избрани романи на изд. Нар. култура.
653 _aромани
852 _aЦб 161345
856 4 _qpdf
_u
856 4 _qpdf
_u
942 _cKNG
_n0
944 _aCR
_c18.12.2003
_lф /
_kЛюдмила_Стоянова
944 _aED
_c04.08.2011
_lф /
_k
999 _c104697
_d104697